Zwierzęta w herbach i godłach państw - Statystyki

Ogólne statystyki
  • Ten quiz został rozwiązany 18 razy
  • Średni wynik to 4 z 12
Statystyki odpowiedzi
Obrazkowy Hint Odpowiedź % Poprawnych
Albania|Polska|+24
100%
Armenia|Belgia|Czad|+44
100%
(Afryka) Erytrea
75%
Australia
67%
(Afryka) Uganda
67%
Eswatini|Kongo|Wybrzeże Kości Słoniowej
60%
Australia
50%
(Ameryka Północna) Gwatemala
50%
Kazachstan|Mongolia|+11
50%
Peru|Boliwia
50%
Saint Lucia|Dominika|Wyspy Świętego Tomasza i Książęca
44%
(Ameryka Północna) Meksyk
40%
(Europa) Chorwacja
33%
(Karaiby) Grenada
33%
Boliwia|Chile|Kolumbia|Ekwador
29%
Botswana
25%
(Afryka) Kenia
25%
(Karaiby) Saint Kitts i Nevis|Barbados
25%
Australia
22%
Nowa Zelandia
20%
(Karaiby) Dominika
17%
Jamajka|Wyspy Salomona|Lesotho
14%
Malezja|Singapur
14%
Antigua i Barbuda|Chile|Mauritius
0%
(Karaiby) Bahamy
0%
Botswana|Indonezja|+8
0%
Cypr|Fidżi|Gwinea|+3
0%
Gabon|Somalia|+4
0%
(Oceania) Kiribati|Wyspy Salomona
0%
(Afryka) Mali
0%
Namibia|Uganda|Zimbabwe
0%
Papua Nowa Gwinea
0%
Seszele|Wyspy Salomona
0%
(Afryka) Sudan|Republika Południowej Afryki
0%
Nie znaleziono quizów pasujących do podanych kryteriów
Rozkład punktacji
Procent ludzi z każdym wynikiem
Percentyl według liczby udzielonych odpowiedzi
Twoja historia wyników
Nie rozwiązałeś tego quizu